Forward and backward words - Statistics

General Stats
  • This quiz has been taken 13 times
  • The average score is 10 of 20
Answer Stats
Hint Answer % Correct
Canine deity Dog god
91%
Tight fitting fire arms Snug guns
82%
Transportation track for person who doesn't tell the truth Liar rail
73%
Stair for domestic animals Pets step
64%
Viral skin growths on dried grain stalks Straw warts
64%
Component of a catching device Trap part
64%
A run around the swimming hole Pool loop
55%
Traffic Sign for kitchenware Pots stop
55%
Desk compartment for positive reinforcement Reward drawer
55%
Pierce flying mammals with a dagger Stab bats
55%
Make changes to ocean water level Edit tide
45%
Obstruction that prevents you from taking a big sip Gulp plug
45%
A pull on the stomach Gut tug
45%
Pitch rodent Tar rat
45%
Refusal to eat small breads Buns snub
36%
Boat bottom made from long bulb vegetables Leek keel
36%
Handle to pull for delightful enjoyment Revel lever
27%
Civil wrong of walking at an elevated pace Trot tort
27%
Stolen utensils Tool loot
18%
Emotional state to prepare for a terrible end Doom mood
9%
No matching quizzes found
Score Distribution
Percent of People with Each Score
Percentile by Number Answered
Your Score History
You have not taken this quiz